000 01046cam a22002774a 4500
999 _c26757
_d26757
001 13285061
003 OSt
005 20170206105455.0
008 030722s2004 ctu 001 0beng
010 _a 2003016561
020 _a0300098944 (alk. paper)
040 _aDLC
_cDLC
_dDLC
042 _apcc
043 _an-us---
050 0 0 _aNX504
_b.T43 2004
082 0 0 _a700/.973
_222
100 1 _aTeachout, Terry.
245 1 2 _aA Terry Teachout reader.
260 _aNew Haven :
_bYale University Press,
_cc2004.
300 _axxvi, 438 p. ;
_c22 cm.
500 _aIncludes index.
650 0 _aArts, American
_y20th century.
856 4 1 _3Table of contents
_uhttp://www.loc.gov/catdir/toc/ecip047/2003016561.html
906 _a7
_bcbc
_corignew
_d1
_eecip
_f20
_gy-gencatlg
942 _2lcc
_cBOOKS
_hNX 504 .T43 2004